000 00602nam a2200181 i 4500
001 31445
003 ES-MaACL
005 20230906154400.0
007 t|
008 030129s1972 sp ||||1| cat d
100 1 _aBenejam, Juan.
_927522
245 1 0 _aCiutadella veia
_b: records d'un quant temps enrera /
_cJoan Benejam Vives ; edicio a cura de Lluis Casasnovas Marques i Germa Coll Mesquida.
260 _aMenorca :
_bNura,
_c1972.
300 _a109 p. ;
_c17 cm.
700 1 _aCasasnovas Marques, Lluis.
_936248
700 1 _aColl Mesquida, Germa.
_939627
852 _aES-MaACL
_jC-53594
_bR.84078
999 _c31445
_d31445